| 000 | 00724 a2200217 4500 | ||
|---|---|---|---|
| 003 | Nust | ||
| 005 | 20170207154026.0 | ||
| 010 | _a 2001056053 | ||
| 020 | _a0201775824 (alk. paper) | ||
| 040 | _cNust | ||
| 082 | 0 | 0 | _a005.133 |
| 245 | 0 | 0 |
_aJava Look and Feel Design Guidelines: Advanced Topics(E-BOOK) _badvanced topics / _cSun Microsystems, Inc. |
| 260 |
_aBoston : _bAddison-Wesley, _cc2001. |
||
| 300 |
_axiv, 185 p. : _bill. (some col.) ; _c24 cm. |
||
| 440 | 0 | _aJava series | |
| 500 | _aIncludes index. | ||
| 505 | _aPart I: General Topics Part II: Special Topics | ||
| 650 | 0 | _aJava (Computer program language) | |
| 651 | _aJava Look and Feel Design Guidelines: Advanced Topics(E-BOOK) | ||
| 710 | 2 | _aSun Microsystems. | |
| 942 |
_2ddc _cBK |
||
| 999 |
_c191919 _d191919 |
||